Demóstenes y su influencia

保存先:
書誌詳細
第一著者: Darwin Adams, Carlos
フォーマット: 図書
言語:Undetermined
出版事項: Buenos Aires, Argentina Nova 1946
主題:
タグ: タグ追加
タグなし, このレコードへの初めてのタグを付けませんか!

MARC

LEADER 00000nam a2200000Ia 4500
008 170316s9999 xx 000 0 und d
090 |a C-880 D-3d 
100 |a Darwin Adams, Carlos 
245 |a Demóstenes y su influencia 
260 |a Buenos Aires, Argentina 
260 |b Nova 
260 |c 1946 
300 |a 218 páginas 
650 |a FILOSOFÍA 
999 |c 16053  |d 16053 
040 |a cru BVZT 
942 |c 15 D  |h C-880 D-3d  |2 z